00658 2200229 4500001002100000005001700021008004100038020001800079035002400097090001800121100002100139245007600160250001100236260003800247300002200285500005100307650001900358850001500377980001500392985000600407999001500413YOGYA-0209000000174120090227020453.0 ind  a979-414-588-2 0010-020900000001741 a346.02bGau C aGautama, Sudargo aContoh-contoh kontrak, rekes & surat resmi sehari-haricSudargo Gautama aCet. 1 aBandungbCitra Aditya Baktic1991 ax, 282 hlmc21 cm aYang diterima : Jil. 7bBibliografi : hlm. 282 aSurat menyurat aYOPDYOG(B) a09-14-2005 a1 a95P0074344